000
00373nam a2200145Ia 4500
003
LK-CoDNM
008
010623t xxu||||| |||| 00| 1 sin d
040
_a
LK-CoDNM
_d
LK-CoDNM
_e
LK-CoDNM
041
_a
sin
080
_a
104 X.1
245
_a
සලමොන්ගේ හිතෝපදේශය
246
_a
Proverbs of solomon
300
_b
7p., iill, 13 cm
942
_c
BK
999
_c
141737
_d
141737